000 00883cam a22001934a 4500
005 20250605164139.0
008 250528s ||||||||||||||||||||||||d
035 _a18890
020 _a521287235
040 _aGR-AtMCL
_bgre
_dGR-AtMCL
_eAACR2
245 1 _aEnglish Grammar in Use / A Self Study Reference and Practice Book for Intermediate Students - with Answer Questions
260 _bCambridge University Press,
_c1988
300 _a328
520 _aThis unique book for intermediate and more advanced students combines reference grammar and practice exercises in a single volume. Introduction, Tenses, Modal Verbs, Conditionals, Passive, Reported Speech, Questions, -ing and the Infinitive, Articles, Relative Clauses, Adjectives and Adverbs, Word Order, Prepositions, Key, Index.
700 1 _aMurphy Raymond
_95167
942 _cBK
999 _c4195
_d4195